000 00818nam a22002297a 4500
003 OSt
005 20250221171005.0
008 230926b ||||| |||| 00| 0 eng d
040 _c0
082 _aDPer 379.1 J826 Winter - Spring 2020 v. 45 n. 3-4
100 _aLaCost, Barbara.
_eauthor.
_949222
245 _aNebraska /
_cBarbara LaCost and Clayton Waddle.
260 _aUnited States ;
_bUniversity of Illinois Press and Johns Hopkins University Press,
_cWinter 2020.
300 _avolume 45, pages 333-335.
500 _aJournal of Education Finance, v. 45 n. 3, pages 333-335, Winter 2020.
650 _aFinance.
_949223
650 _aBudget.
_949224
650 _aEducation.
_949225
700 _aLaCost, Barbara.
_eauthor.
_949222
700 _aWaddle, Clayton.
_eauthor.
_949226
942 _2ddc
_cPER
999 _c18241
_d18241